Aliments commençant par T - Statistiques

Statistiques générales
  • Ce quiz a été pris 2 649 fois
  • Le résultat moyen est 12 sur 16
Statistiques - réponses
Par images Réponse % Correct
Tomate
100%
Taco
94%
Tiramisu
93%
Toblerone
90%
Taboulé
88%
Tagliatelle
87%
Thon
82%
Tajine
78%
Tartiflette
75%
Truffe
74%
Thym
71%
Tapenade
69%
Tarte Tatin
69%
Tofu
63%
Tzatziki
41%
Topinambour
40%
Aucun quiz correspondant
Distribution des résultats
% des personnes avec chaque résultat
Percentile par nombre de réponses
Votre historique - résultats
Vous n’avez pas pris ce quiz